00555nam a2200241Ia 450000500170000000800460001702000180006303700100008104000080009104000080009904000080010704100080011504100080012308400080013110000210013924500260016024500290018626000230021526000090023836500050024736500080025285600530026020260324112348.0008 260324s9999 xx 000 0 eng d a9781003394563 aEBOOK aCRL beng cCRL 2eng aeng qCRL aGeoffrey Beattie 0aLies, Lying and Liars 2bA Psychological Analysis bTaylor and Francis c2024 a b220 uhttp://www.taylorfrancis.com/books/9781003394563